Low demand housing in the North West reconsidered (Record no. 117200)

MARC details
000 -LEADER
fixed length control field 01181cam a2200229 4500
001 - CONTROL NUMBER
control field WB4014-17
008 - FIXED-LENGTH DATA ELEMENTS--GENERAL INFORMATION
fixed length control field 040414n2004 000 0 eng u
035 ## - SYSTEM CONTROL NUMBER
System control number (Sirsi) u125829
245 ## - TITLE STATEMENT
Title Low demand housing in the North West reconsidered
260 ## - PUBLICATION, DISTRIBUTION, ETC.
Date of publication, distribution, etc. 2004
490 ## - SERIES STATEMENT
Series statement CPRE Press Release
Volume/sequential designation (23/04) 31 March 2004, (3)
520 ## - SUMMARY, ETC.
Summary, etc. A recent report from the Campaign to protect Rural England "Useless old houses? What to do with the north west's low-demand housing and high density heritage", has re-examined the main factors that cause low demand for houses in two of the north west of England's four Housing Market Renewal Pathfinder areas. The report found that perceptions about high crime, anti-social behaviour and poor street conditions are more important in the house buying decision process than the type of house. Telephone +44 (0)1524 849055 for the full report. For the CPRE press release: http://www.cpre.org.uk/news-releases/news-rel-2004 /23-04.htm
590 ## - LOCAL NOTE (RLIN)
Local note WB
590 ## - LOCAL NOTE (RLIN)
Local note WB
650 ## - SUBJECT ADDED ENTRY--TOPICAL TERM
Topical term or geographic name entry element NORTHWEST ENGLAND
650 ## - SUBJECT ADDED ENTRY--TOPICAL TERM
Topical term or geographic name entry element HOUSING
650 ## - SUBJECT ADDED ENTRY--TOPICAL TERM
Topical term or geographic name entry element LOW DEMAND
650 ## - SUBJECT ADDED ENTRY--TOPICAL TERM
Topical term or geographic name entry element CPRE
650 ## - SUBJECT ADDED ENTRY--TOPICAL TERM
Topical term or geographic name entry element HOUSE PRICES
690 ## - LOCAL SUBJECT ADDED ENTRY--TOPICAL TERM (OCLC, RLIN)
Topical term or geographic name as entry element REGENERATION
942 ## - ADDED ENTRY ELEMENTS (KOHA)
Suppress in OPAC 0
Holdings
Withdrawn status Lost status Source of classification or shelving scheme Damaged status Not for loan Home library Current library Shelving location Date acquired Total Checkouts Full call number Barcode Date last seen Copy number Price effective from Koha item type
    Dewey Decimal Classification     London London News article 14/04/2004   WB4014-17 125829-1001 06/08/2019 1 06/08/2019 News article